Jesús de Nazaret, historia de Dios, Dios de la historia: ensayo de una cristología como historia
Furkejuvvon:
| Váldodahkki: | |
|---|---|
| Materiálatiipa: | Girji |
| Giella: | espánnjágiella |
| Almmustuhtton: |
Madrid
Paulinas
1983
|
| Fáttát: | |
| Fáddágilkorat: |
Lasit fáddágilkoriid
Eai fáddágilkorat, Lasit vuosttaš fáddágilkora!
|
MARC
| LEADER | 00000nam a2200000 a 4500 | ||
|---|---|---|---|
| 001 | UCL1781 | ||
| 003 | CL-VaPUC | ||
| 008 | 030926e19830000SP |||||||||||||||||spa|d | ||
| 020 | |a 8428509239 | ||
| 082 | 0 | 4 | |a 232 |b FOR |2 21 |
| 100 | 0 | |a Forte, Bruno |e author |9 478609 | |
| 245 | 1 | 0 | |a Jesús de Nazaret, historia de Dios, Dios de la historia: ensayo de una cristología como historia |
| 300 | |a 349 p | ||
| 942 | |c BK | ||
| 945 | |d 20030926 00:00:00 |a vberengu | ||
| 260 | |a Madrid |b Paulinas |c 1983 | ||
| 650 | 0 | |a Cristología |9 315091 | |
| 583 | |a last modification |c 20030926 00:00:00 |k Rodrigo Vera | ||
| 999 | |c 305221 |d 305219 | ||
| 952 | |0 0 |1 0 |4 0 |6 232_000000000000000_FOR_1983 |7 0 |8 A |9 368333 |a BIBTEO |b BIBTEO |d 2019-11-21 |i 2078422 |o 232 FOR 1983 |p 2078422 |r 2025-01-17 |w 2019-11-21 |y BK |k ICR | ||